000 00539nam a22001697a 4500
003 SGT
020 _a9781108716987
082 _a612.015
_bW22H
100 _aHOFMANN, ANDREAS
245 _aWILSON & WALKWR'S PRINCIPLES AND TECHNIQUED OF BIOCHEMISTRY AND MOLECULAR BIOLOGY
250 _a8TH
260 _aINDIA
_bCAMBRIDGE UNIVERSITY PUB
_c2022
300 _a929
650 _aBIOCHEMISTRY
653 _aBASIC PRINCIPLES BIOCHEMISTRY, CELL CULTURE TECHNIQUES, RECOMBINANT DNA TECHNIQUES AND MOLECULAR CLONING
942 _2ddc
_cBK
_015
999 _c23751
_d23751